LEADER 01192cam0-2200349---450- 001 990005614830403321 005 20101012151313.0 035 $a000561483 035 $aFED01000561483 035 $a(Aleph)000561483FED01 035 $a000561483 100 $a19990604f19001997km-y0itay50------ba 101 0 $aita 102 $aIT 105 $aa---b---00-yy 200 1 $aMostra retrospettiva di Eugenio Cecconi$eMuseo Civico di Livorno Villa Fabbricotti 3 agosto-15 settembre 1974$fpresentazione critica di Dario Durbe$gcatalogo a cura di Giampaolo Daddi 210 $a[s.l.]$c[s.n.]$d[s.d.] 215 $a107 p.$cill.$d24 cm 300 $aIn testa al front.: Comune di Livorno 610 0 $aCecconi, Eugenio$aEsposizioni$a1974 676 $a759.5 702 1$aCecconi,$bEugenio 702 1$aDaddi,$bGiampaolo 702 1$aDurbé,$bDario$f<1923- > 710 12$aMostra retrospettiva di Eugenio Cecconi$f<1974 ;$eLivorno>$0484769 801 0$aIT$bUNINA$gRICA$2UNIMARC 901 $aBK 912 $a990005614830403321 952 $a759.5 MOSTRE LIVORNO 1974$bST. ARTE 11950$fFLFBC 959 $aFLFBC 996 $aMostra retrospettiva di Eugenio Cecconi$9293694 997 $aUNINA LEADER 00919nam a2200265 i 4500 001 991000496749707536 005 20020503182005.0 008 960429s1989 it ||| | ita 020 $a8813167296 035 $ab10086195-39ule_inst 035 $aLE02517124$9ExL 040 $aFac. Economia$bita 082 0 $a346.450434 100 1 $aFantacchiotti, Mario$0232001 245 13$aLa durata della locazione abitativa /$cMario Fantacchiotti 260 $aPadova :$bCEDAM,$c1989 300 $avi, 144 p. ;$c25 cm 490 0 $aLocazione degli immobili urbani ;$v3 650 4$aLocazione 907 $a.b10086195$b17-02-17$c27-06-02 912 $a991000496749707536 945 $aLE025 ECO 346 FAN01.01$g1$i2025000022591$lle025$o-$pE0.00$q-$rl$s- $t0$u0$v0$w0$x0$y.i10099475$z27-06-02 996 $aDurata della locazione abitativa$9196078 997 $aUNISALENTO 998 $ale025$b01-01-96$cm$da $e-$fita$git $h3$i1